00787 2200277 4500001002100000005001500021020002100036035002400057040001200081082001400093084001400107090001400121100001600135245013400151250001100285260002700296300004300323500003100366650001300397700001700410700001900427850001200446990001700458990001700475990001700492YOGYA00000000010667920140823134729 a978-979-1283-588 0010-061400000000032 aYOPDYOG 2[22]a808 a808 Azi K a808 Azi K aAZIZAH ETEK aKelah sang demang Jahja Datoek Kajob: Pidato otokritik di Volkstraad 1927-1939c/ Azizah Etek, Mursyid, A.M. dan Arfan B. Razif. aCet.1. aYogyakartabLKiSc2008 axvi, 512 hlm.bilus.c; 21 cm (3 eks.) aBibliografi : hlm. 505-506 aRetorika aMursyid A.M. aArfan B. Razif aYOPDYOG a7543/PD.2014 a7544/PD.2014 a7545/PD.2014